[Event "HUN-chT2 Barcza 2324"]
[Site "Hungary"]
[Date "2024.04.21"]
[Round "8.2"]
[White "Leviczki, Tibor"]
[Black "Kemendi, Daniel"]
[Result "1-0"]
[WhiteElo "2280"]
[BlackElo "1947"]
[PlyCount "77"]
[EventDate "2023.10.08"]
[EventType "team-tourn"]
[EventRounds "9"]
[EventCountry "HUN"]
[SourceTitle "EXT 2025"]
[Source "ChessBase"]
[SourceDate "2024.10.14"]
[SourceVersion "1"]
[SourceVersionDate "2024.10.14"]
[SourceQuality "1"]
[WhiteTeam "Hajduboszormeny"]
[BlackTeam "Lillafured DVTK II"]
[WhiteTeamCountry "HUN"]
[BlackTeamCountry "HUN"]

1. Nf3 d5 2. c4 e6 3. g3 Nf6 4. Bg2 Be7 5. 0-0 c5 6. cxd5 exd5 7. d4 c4 8. b3 cxb3 9. Qxb3 b6 10. Ne5 Bb7 11. Bg5 Nbd7 12. Nc3 h6 13. Bxf6 Nxf6 14. e4 0-0 15. exd5 Rc8 16. Rfd1 a6 17. Nc6 Bxc6 18. dxc6 b5 19. Rac1 Qc7 20. a4 b4 21. Nb1 Ne8 22. Nd2 Nd6 23. Nf3 Nf5 24. Bh3 g6 25. Bxf5 gxf5 26. Ne5 Rcd8 27. Qf3 Bg5 28. Rb1 f4 29. h4 Bf6 30. Nd7 Rxd7 31. Qg4+ Kh8 32. Qxd7 Qxd7 33. cxd7 Rd8 34. Rxb4 Rxd7 35. Kg2 Rd6 36. d5 fxg3 37. fxg3 Kg7 38. Rc4 a5 39. Rc6 1-0

[Event "HUN-chT2 Barcza 2324"]
[Site "Hungary"]
[Date "2023.10.08"]
[Round "1.4"]
[White "Kemendi, Daniel"]
[Black "Ligart, Tamas"]
[Result "1/2-1/2"]
[WhiteElo "1883"]
[BlackElo "2154"]
[PlyCount "90"]
[EventDate "2023.10.08"]
[EventType "team-tourn"]
[EventRounds "9"]
[EventCountry "HUN"]
[SourceTitle "EXT 2025"]
[Source "ChessBase"]
[SourceDate "2024.10.14"]
[SourceVersion "1"]
[SourceVersionDate "2024.10.14"]
[SourceQuality "1"]
[WhiteTeam "Lillafured DVTK II"]
[BlackTeam "Kazincbarcika"]
[WhiteTeamCountry "HUN"]
[BlackTeamCountry "HUN"]

1. e4 e5 2. Nc3 Nf6 3. f4 d5 4. fxe5 Nxe4 5. Qf3 Nxc3 6. bxc3 Be7 7. d4 0-0 8. Bd3 c5 9. Ne2 f6 10. Nf4 fxe5 11. Qxd5+ Qxd5 12. Nxd5 Bd8 13. dxc5 Nc6 14. Be3 Be6 15. Nb4 Na5 16. Rf1 Be7 17. 0-0-0 Rac8 18. c6 Nxc6 19. Nxc6 Rxc6 20. Rxf8+ Bxf8 21. Bxa7 Rxc3 22. Bb8 Ra3 23. Bxe5 Rxa2 24. h3 Be7 25. Be4 b5 26. Bd5 Bxd5 27. Rxd5 b4 28. Rd7 Bf6 29. Bxf6 gxf6 30. Rb7 Ra1+ 31. Kb2 Rg1 32. g4 Rg3 33. Rxb4 Rxh3 34. c4 Kf7 35. c5 h5 36. c6 Ke7 37. c7 Kd7 38. Rc4 Kc8 39. gxh5 Rxh5 40. Kc2 Rh7 41. Kd3 Rxc7 42. Rxc7+ Kxc7 43. Ke4 Kd6 44. Kf5 Ke7 45. Kf4 Ke6 1/2-1/2

[Event "HUN-chT BAZ megyei CSB 2223"]
[Site "Hungary"]
[Date "2023.04.16"]
[Round "9.1"]
[White "Vajda, Andras"]
[Black "Kemendi, Daniel"]
[Result "0-1"]
[WhiteElo "1866"]
[BlackElo "1886"]
[PlyCount "146"]
[EventDate "2022.09.25"]
[EventType "team-tourn"]
[EventRounds "9"]
[EventCountry "HUN"]
[SourceTitle "EXT 2025"]
[Source "ChessBase"]
[SourceDate "2024.10.14"]
[SourceVersion "1"]
[SourceVersionDate "2024.10.14"]
[SourceQuality "1"]
[WhiteTeam "Tiszaujvaros"]
[BlackTeam "DVTK III"]
[WhiteTeamCountry "HUN"]
[BlackTeamCountry "HUN"]

1. e4 c6 2. Nf3 d5 3. exd5 cxd5 4. d4 Bg4 5. Be2 Nc6 6. 0-0 e6 7. c3 Nf6 8. Bg5 Be7 9. Nbd2 h6 10. Bf4 0-0 11. h3 Bf5 12. Ne5 Nxe5 13. Bxe5 Nd7 14. Bh2 Qb6 15. Qb3 Bd6 16. Qxb6 Bxh2+ 17. Kxh2 Nxb6 18. b3 Rac8 19. Rac1 Rfd8 20. f4 Rc7 21. Rf3 Be4 22. Re3 f5 23. Nf3 Rdc8 24. Ne5 g5 25. g3 Nd7 26. Nf3 gxf4 27. gxf4 Nf6 28. Ne5 Kh7 29. Rg3 Rg8 30. Rcg1 Rxg3 31. Rxg3 Rg7 32. Rxg7+ Kxg7 33. Kg3 Bb1 34. a3 Ne4+ 35. Kf3 Nxc3 36. Ke3 Be4 37. Bf3 Bxf3 38. Nxf3 Nd1+ 39. Ke2 Nc3+ 40. Kd3 Ne4 41. Ke3 Nd6 42. Kd3 Nb5 43. a4 Nd6 44. Ke3 Ne4 45. Ne5 Kf6 46. a5 h5 47. Nd7+ Ke7 48. Ne5 Nc3 49. b4 Nd1+ 50. Ke2 Nc3+ 51. Kd2 Ne4+ 52. Ke3 Kd6 53. h4 Nc3 54. Kd2 Nb1+ 55. Kc2 Na3+ 56. Kd3 b6 57. axb6 axb6 58. Nf7+ Kc7 59. Ng5 Kd7 60. Nf3 Nc4 61. Ng5 Nb2+ 62. Kd2 Nc4+ 63. Kd3 Nd6 64. Ke3 Ne4 65. Nf3 Nc3 66. Kd2 Ne4+ 67. Ke3 Nf6 68. Kd3 Kc6 69. Ng5 Kd6 70. Nf7+ Kd7 71. Ne5+ Kc7 72. Nf7 Ng8 73. Ne5 Ne7 0-1

[Event "HUN-chT1 Maroczy 2223"]
[Site "Hungary"]
[Date "2023.01.29"]
[Round "4.11"]
[White "Retkes, Sandor"]
[Black "Kemendi, Daniel"]
[Result "1-0"]
[WhiteElo "1920"]
[BlackElo "1888"]
[PlyCount "119"]
[EventDate "2022.11.20"]
[EventType "team-tourn"]
[EventRounds "9"]
[EventCountry "HUN"]
[SourceTitle "EXT 2025"]
[Source "ChessBase"]
[SourceDate "2024.10.14"]
[SourceVersion "1"]
[SourceVersionDate "2024.10.14"]
[SourceQuality "1"]
[WhiteTeam "Meritum Egyesulet"]
[BlackTeam "DVTK"]
[WhiteTeamCountry "HUN"]
[BlackTeamCountry "HUN"]

1. d4 d5 2. Bf4 c5 3. e3 cxd4 4. exd4 Nc6 5. Nf3 Bg4 6. Be2 f6 7. c3 e5 8. dxe5 Bxf3 9. Bxf3 fxe5 10. Bg3 Nf6 11. 0-0 Be7 12. Re1 e4 13. Bh5+ g6 14. Be2 0-0 15. Nd2 Bc5 16. Nb3 Bb6 17. Kh1 e3 18. fxe3 Ne4 19. Bf3 Qg5 20. Bxe4 dxe4 21. Nd4 Nxd4 22. cxd4 h5 23. Qb3+ Kh7 24. Bf4 Qf5 25. h3 g5 26. Be5 g4 27. Rf1 Qg6 28. Qd5 gxh3 29. Qd7+ Kh6 30. Qxh3 Rf7 31. Rxf7 Qxf7 32. Qh4 Qg6 33. Rf1 Bd8 34. Qf4+ Bg5 35. Qf2 Rg8 36. Bf4 Kh7 37. Bxg5 Qxg5 38. Qf5+ Kh6 39. Qxe4 Rg7 40. Qf4 Qxf4 41. Rxf4 Re7 42. Rf3 Kg5 43. Kg1 Rc7 44. e4 Rc2 45. Rb3 b6 46. Kh2 Rc4 47. Rd3 Kf4 48. e5 Ke4 49. Rd1 Kd5 50. Rd2 Rc1 51. Kg3 Rf1 52. Kh4 Rf5 53. g3 Rf3 54. Re2 Ke6 55. d5+ Kxd5 56. e6 Rf8 57. e7 Re8 58. Kxh5 Kd6 59. Kg6 Rxe7 60. Rxe7 1-0

[Event "HUN-chT BAZ megyei CSB 2223"]
[Site "Hungary"]
[Date "2022.10.16"]
[Round "3.1"]
[White "Bako, Martin"]
[Black "Kemendi, Daniel"]
[Result "1/2-1/2"]
[WhiteElo "1943"]
[BlackElo "1842"]
[PlyCount "102"]
[EventDate "2022.09.25"]
[EventType "team-tourn"]
[EventRounds "9"]
[EventCountry "HUN"]
[SourceTitle "EXT 2025"]
[Source "ChessBase"]
[SourceDate "2024.10.14"]
[SourceVersion "1"]
[SourceVersionDate "2024.10.14"]
[SourceQuality "1"]
[WhiteTeam "Edelenyi VSE II"]
[BlackTeam "DVTK III"]
[WhiteTeamCountry "HUN"]
[BlackTeamCountry "HUN"]

1. d4 d5 2. c4 Nc6 3. Nc3 dxc4 4. e3 e5 5. d5 Nce7 6. Bxc4 Ng6 7. Nge2 Nf6 8. e4 Bd6 9. 0-0 0-0 10. Ng3 a6 11. f3 Bd7 12. Be3 b5 13. Bb3 b4 14. Na4 Bb5 15. Re1 Nf4 16. Bxf4 exf4 17. Nf5 Be5 18. Nd4 Qd6 19. Rc1 Nd7 20. Kh1 Qf6 21. Nxb5 axb5 22. Nc5 Nxc5 23. Rxc5 Bd6 24. Rc2 Rfb8 25. Qe2 Qe5 26. Rg1 Qh5 27. Qe1 Ra6 28. Rc6 Rbb6 29. Qc1 Qh4 30. Qf1 Qf6 31. Qe2 Qe5 32. Rgc1 Rxc6 33. dxc6 Rb6 34. Bd5 Qd4 35. Rd1 Qc5 36. Qd3 Kh8 37. Re1 f6 38. Qd2 Rb8 39. Rc1 Qb6 40. Be6 Re8 41. Bd7 Ra8 42. h3 Qa7 43. Be6 Qe3 44. Qc2 Re8 45. Bd7 Re5 46. Rd1 Rc5 47. Qd2 Qxd2 48. Rxd2 Rc1+ 49. Kh2 Bc5 50. g3 Be3 51. Re2 Rc5 1/2-1/2

[Event "HUN-chT BAZ megyei CSB 2122"]
[Site "Hungary"]
[Date "2022.02.20"]
[Round "7.2"]
[White "Kemendi, Daniel"]
[Black "Galko, Attila"]
[Result "1/2-1/2"]
[WhiteElo "1863"]
[BlackElo "1924"]
[PlyCount "104"]
[EventDate "2021.10.17"]
[EventType "team-tourn"]
[EventRounds "9"]
[EventCountry "HUN"]
[SourceTitle "EXT 2025"]
[Source "ChessBase"]
[SourceDate "2024.10.14"]
[SourceVersion "1"]
[SourceVersionDate "2024.10.14"]
[SourceQuality "1"]
[WhiteTeam "DVTK III"]
[BlackTeam "Edelenyi VSE II"]
[WhiteTeamCountry "HUN"]
[BlackTeamCountry "HUN"]

1. c4 e5 2. g3 Nc6 3. Bg2 Nf6 4. Nc3 Bc5 5. e3 d6 6. Nge2 0-0 7. 0-0 Bg4 8. h3 Bh5 9. a3 Re8 10. b4 Bb6 11. d3 Rb8 12. Qd2 Bxe2 13. Qxe2 Ne7 14. Nd5 Nfxd5 15. cxd5 f5 16. Kh2 Ng6 17. Qh5 Qd7 18. f4 exf4 19. exf4 Bd4 20. Rb1 Re7 21. Bb2 Bxb2 22. Rxb2 Rbe8 23. b5 Re1 24. d4 R8e3 25. Rxe1 Rxe1 26. Qf3 Qe7 27. Qd3 Qe3 28. Qxe3 Rxe3 29. Rc2 Re7 30. Bf1 Kf8 31. Bd3 Rf7 32. Kg2 Ke8 33. a4 Kd7 34. Kf3 Ne7 35. Bc4 Nc8 36. a5 b6 37. a6 Re7 38. Bd3 g6 39. Re2 Rxe2 40. Kxe2 Ke7 41. Kf3 Kf6 42. g4 h6 43. Bc2 Ne7 44. Bb3 g5 45. Kg3 fxg4 46. hxg4 gxf4+ 47. Kxf4 Ng6+ 48. Kf3 Kg5 49. Bc2 Nf4 50. Be4 Nh3 51. Kg3 Nf4 52. Kf3 Nh3 1/2-1/2

[Event "Borsod-chT2 1415"]
[Site "Hungary"]
[Date "2015.03.29"]
[Round "7.2"]
[White "Kemendi, Daniel"]
[Black "Suhajda, Sandor"]
[Result "1-0"]
[WhiteElo "1847"]
[BlackElo "1819"]
[PlyCount "41"]
[EventDate "2014.09.28"]
[EventType "team-tourn"]
[EventRounds "7"]
[EventCountry "HUN"]
[SourceTitle "EXT 2016"]
[Source "ChessBase"]
[SourceDate "2015.10.08"]
[SourceVersion "1"]
[SourceVersionDate "2015.10.08"]
[SourceQuality "1"]
[WhiteTeam "Encs"]
[BlackTeam "Tiszaujvaros"]
[WhiteTeamCountry "HUN"]
[BlackTeamCountry "HUN"]

1. c4 e5 2. g3 Nf6 3. Bg2 c6 4. Nc3 Bb4 5. e3 d6 6. Nge2 Bg4 7. h3 Bh5 8. Qb3 Qb6 9. Na4 Qa5 10. a3 b5 11. cxb5 Qxb5 12. Nac3 Qa5 13. Qxb4 Qc7 14. Nb5 cxb5 15. Qxb5+ Nbd7 16. Bxa8 0-0 17. Bg2 Rb8 18. Qc6 Qa5 19. b4 Rxb4 20. axb4 Qxa1 21. g4 1-0

[Event "Borsod-chT2 1415"]
[Site "Hungary"]
[Date "2014.11.09"]
[Round "3.3"]
[White "Szeman, Tibor"]
[Black "Kemendi, Daniel"]
[Result "0-1"]
[WhiteElo "1806"]
[BlackElo "1847"]
[PlyCount "166"]
[EventDate "2014.09.28"]
[EventType "team-tourn"]
[EventRounds "7"]
[EventCountry "HUN"]
[SourceTitle "EXT 2016"]
[Source "ChessBase"]
[SourceDate "2015.10.08"]
[SourceVersion "1"]
[SourceVersionDate "2015.10.08"]
[SourceQuality "1"]
[WhiteTeam "Hidasnemeti"]
[BlackTeam "Encs"]
[WhiteTeamCountry "HUN"]
[BlackTeamCountry "HUN"]

1. d4 Nf6 2. c4 g6 3. Nc3 d5 4. Nf3 Bg7 5. e3 0-0 6. h3 b6 7. cxd5 Nxd5 8. Bc4 Bb7 9. 0-0 e6 10. Re1 Na6 11. a3 c5 12. Bxa6 Bxa6 13. Nxd5 exd5 14. b3 Rc8 15. Bb2 c4 16. Rc1 b5 17. b4 Bb7 18. Nh2 Qb6 19. f3 Rc7 20. Bc3 Re8 21. Rc2 Qa6 22. Qc1 Rce7 23. Rce2 f5 24. f4 Bh6 25. Nf3 Bxf4 26. Kf2 Bh6 27. g3 Bg7 28. h4 Qc6 29. Qb2 Qc7 30. Rg1 Re6 31. Ng5 Ra6 32. Rge1 Bf8 33. Nf3 Ra4 34. Qc1 a5 35. Qb2 axb4 36. Bxb4 Bxb4 37. axb4 Rea8 38. Ne5 Qd6 39. Rb1 Ra3 40. Qc1 R8a4 41. Reb2 c3 42. Rb3 Ra2+ 43. Kf3 c2 44. R1b2 Qc7 45. Nd3 Qc4 46. Nc5 Rxb2 47. Rxb2 Ra2 48. Rxa2 Qxa2 49. Ke2 Qc4+ 50. Nd3 Qc7 51. Qe1 Qc4 52. Kd2 Kg7 53. Qc1 Kh6 54. Qxc2 Qxc2+ 55. Kxc2 g5 56. hxg5+ Kxg5 57. Nf2 Bc6 58. Kd3 Be8 59. Ke2 h6 60. Nd3 h5 61. Kf3 Bf7 62. Ne5 Be6 63. Nd3 Bd7 64. Nf4 Bc6 65. Nh3+ Kf6 66. Kf4 Bd7 67. Nf2 Bc8 68. Nd3 Bd7 69. Ne5 Be8 70. Nd3 Bd7 71. Nc5 Bc8 72. Nb3 Bd7 73. Na5 Bc8 74. Nc6 Bd7 75. Na7 Ke6 76. Kg5 Kd6 77. Kxh5 Kc7 78. Kg5 Kb6 79. Nxb5 Kxb5 80. Kf4 Kxb4 81. Ke5 Kc4 82. Kd6 Ba4 83. Ke5 Bc2 0-1

[Event "HUN-chT2 Barcza 1415"]
[Site "Hungary"]
[Date "2014.09.21"]
[Round "?"]
[White "Burinda, Gabor Jr"]
[Black "Kemendi, Daniel"]
[Result "0-1"]
[WhiteElo "1726"]
[BlackElo "1847"]
[PlyCount "83"]
[EventDate "2014.09.07"]
[EventType "team-tourn"]
[EventRounds "11"]
[EventCountry "HUN"]
[SourceTitle "EXT 2016"]
[Source "ChessBase"]
[SourceDate "2015.10.08"]
[SourceVersion "1"]
[SourceVersionDate "2015.10.08"]
[SourceQuality "1"]
[WhiteTeam "Kazincbarcika"]
[BlackTeam "Miskolc Sakkiskola"]
[WhiteTeamCountry "HUN"]
[BlackTeamCountry "HUN"]

1. d4 Nf6 2. e3 g6 3. Nd2 d5 4. f4 Bf5 5. Ngf3 Bg7 6. c3 0-0 7. Qb3 Qc8 8. Ne5 c6 9. Bd3 Bxd3 10. Nxd3 Nbd7 11. 0-0 c5 12. Ne5 b6 13. Ndf3 e6 14. a4 Rb8 15. Qb5 a6 16. Qc6 Qd8 17. a5 Qe7 18. b4 Rfc8 19. Qa4 b5 20. Qb3 cxd4 21. exd4 Ne4 22. Bd2 Nxe5 23. fxe5 Nxd2 24. Nxd2 Qg5 25. Nf3 Qe3+ 26. Kh1 Rxc3 27. Qb2 Rbc8 28. Rae1 Qh6 29. h4 Rc2 30. Qb1 R8c7 31. g3 Qh5 32. Nh2 g5 33. Rc1 Qe2 34. Rxc2 Rxc2 35. Qxc2 Qxc2 36. hxg5 Qc4 37. Kg2 Qxd4 38. Kh3 Qxe5 39. Ng4 Qxg5 40. Rf4 e5 41. Nf6+ Bxf6 42. Rg4 0-1

[Event "HUN-chT2 Barcza 1314"]
[Site "Hungary"]
[Date "2014.04.13"]
[Round "10"]
[White "Gorbe, Szabolcs"]
[Black "Kemendi, Daniel"]
[Result "1/2-1/2"]
[WhiteElo "1898"]
[BlackElo "1816"]
[PlyCount "46"]
[EventDate "2013.09.08"]
[EventType "team-tourn"]
[EventRounds "11"]
[EventCountry "HUN"]
[SourceTitle "EXT 2016"]
[Source "ChessBase"]
[SourceDate "2015.10.08"]
[SourceVersion "1"]
[SourceVersionDate "2015.10.08"]
[SourceQuality "1"]
[WhiteTeam "Nyiregyhaza SISE"]
[BlackTeam "Miskolc EMSE"]
[WhiteTeamCountry "HUN"]
[BlackTeamCountry "HUN"]

1. d4 Nf6 2. Bf4 g6 3. Nc3 d5 4. e3 c6 5. Bd3 Bg7 6. Nf3 0-0 7. 0-0 Nbd7 8. h3 c5 9. Re1 b6 10. e4 cxd4 11. Nxd5 Nxd5 12. exd5 Nc5 13. Bc4 b5 14. d6 exd6 15. Bd5 Bb7 16. Bxb7 Nxb7 17. Nxd4 a6 18. Nc6 Qc7 19. Ne7+ Kh8 20. Nd5 Qc6 21. c3 Rfe8 22. Qd2 Re6 23. Rxe6 fxe6 1/2-1/2

[Event "HUN-ch U18"]
[Site "Balatonlelle"]
[Date "2013.06.25"]
[Round "5"]
[White "Horvath, David G"]
[Black "Kemendi, Daniel"]
[Result "1-0"]
[WhiteElo "2371"]
[BlackElo "1800"]
[PlyCount "49"]
[EventDate "2013.??.??"]
[EventType "tourn"]
[EventRounds "9"]
[EventCountry "HUN"]
[SourceTitle "EXT 2014"]
[Source "ChessBase"]
[SourceDate "2013.11.20"]
[SourceVersion "1"]
[SourceVersionDate "2013.11.20"]
[SourceQuality "1"]

1. Nf3 g6 2. c4 c5 3. g3 Bg7 4. Bg2 Nc6 5. 0-0 Nf6 6. Nc3 0-0 7. d4 cxd4 8. Nxd4 Nxd4 9. Qxd4 d6 10. Qd3 Rb8 11. Bd2 b6 12. Rac1 Bb7 13. e4 a6 14. a4 Nd7 15. b3 Rc8 16. a5 Nc5 17. Qb1 f5 18. exf5 Bxg2 19. Kxg2 Rxf5 20. Be3 Qd7 21. f4 Qb7+ 22. Kf2 Rcf8 23. b4 Ne6 24. Nd5 Bd4 25. Qe4 1-0

[Event "HUN-chT2 Barcza 1213"]
[Site "Hungary"]
[Date "2012.10.07"]
[Round "2.10"]
[White "Kassay, Lilla"]
[Black "Kemendi, Daniel"]
[Result "1-0"]
[WhiteElo "1684"]
[BlackElo "1816"]
[PlyCount "67"]
[EventDate "2012.09.16"]
[EventType "team-tourn"]
[EventRounds "11"]
[EventCountry "HUN"]
[SourceTitle "EXT 2014"]
[Source "ChessBase"]
[SourceDate "2013.11.20"]
[SourceVersion "1"]
[SourceVersionDate "2013.11.20"]
[SourceQuality "1"]
[WhiteTeam "Miskolc Kisbocsok"]
[BlackTeam "Miskolc EMSE"]
[WhiteTeamCountry "HUN"]
[BlackTeamCountry "HUN"]

1. e4 c6 2. d4 d5 3. exd5 cxd5 4. Bd3 Qc7 5. c3 Nf6 6. Bg5 Bg4 7. Qb3 e6 8. Bh4 a6 9. Bg3 Qc6 10. a4 Nbd7 11. Nd2 Rc8 12. Ngf3 Bxf3 13. Nxf3 Qb6 14. Qc2 Bd6 15. a5 Qc7 16. Bxd6 Qxd6 17. 0-0 0-0 18. Rfe1 h6 19. Ne5 Nh5 20. Qd2 Nhf6 21. Re3 Nb8 22. Rg3 Kh8 23. Rh3 Ng8 24. Ng4 f5 25. Ne5 Ne7 26. Rxh6+ gxh6 27. Qxh6+ Kg8 28. Qg5+ Kh7 29. Re1 Rg8 30. Qh5+ Kg7 31. Re3 Kf6 32. Qf7+ Kg5 33. Rg3+ Kh6 34. Qf6+ 1-0

[Event "HUN-chT2 Barcza 1213"]
[Site "Hungary"]
[Date "2012.09.16"]
[Round "1.10"]
[White "Daroczy, Sandor"]
[Black "Kemendi, Daniel"]
[Result "1/2-1/2"]
[WhiteElo "1932"]
[BlackElo "1816"]
[PlyCount "61"]
[EventDate "2012.09.16"]
[EventType "team-tourn"]
[EventRounds "11"]
[EventCountry "HUN"]
[SourceTitle "EXT 2014"]
[Source "ChessBase"]
[SourceDate "2013.11.20"]
[SourceVersion "1"]
[SourceVersionDate "2013.11.20"]
[SourceQuality "1"]
[WhiteTeam "Debrecen Sakkiskola"]
[BlackTeam "Miskolc EMSE"]
[WhiteTeamCountry "HUN"]
[BlackTeamCountry "HUN"]

1. d4 Nf6 2. c4 d5 3. Nc3 g6 4. Nf3 Bg7 5. Qb3 dxc4 6. Qxc4 0-0 7. e4 c6 8. Qb3 b6 9. Be2 Ba6 10. Bxa6 Nxa6 11. Qc4 Qc8 12. 0-0 Qb7 13. Bf4 Rac8 14. Rad1 e6 15. Rfe1 h6 16. Qb3 Rfd8 17. e5 Nd5 18. Nxd5 cxd5 19. Rc1 Rd7 20. Rxc8+ Qxc8 21. Rc1 Rc7 22. Rxc7 Qxc7 23. Qb5 Qc8 24. h4 Nb8 25. Qd3 a6 26. Qd2 Kh7 27. h5 gxh5 28. Qd3+ Kg8 29. Qd2 Kh7 30. Qd3+ Kg8 31. Qd2 1/2-1/2

[Event "HUN-chT2 Maroczy 1112"]
[Site "Hungary"]
[Date "2012.03.11"]
[Round "7"]
[White "Kemendi, Daniel"]
[Black "Wanger, Tamas"]
[Result "1/2-1/2"]
[WhiteElo "1725"]
[BlackElo "1845"]
[PlyCount "113"]
[EventDate "2011.09.25"]
[EventType "team-tourn"]
[EventRounds "11"]
[EventCountry "HUN"]
[SourceTitle "EXT 2013"]
[Source "ChessBase"]
[SourceDate "2012.11.22"]
[SourceVersion "1"]
[SourceVersionDate "2012.11.22"]
[SourceQuality "1"]
[WhiteTeam "Miskolc EMSE"]
[BlackTeam "Taban Spartacus"]
[WhiteTeamCountry "HUN"]
[BlackTeamCountry "HUN"]

1. c4 c6 2. g3 d5 3. b3 Nf6 4. Bg2 dxc4 5. bxc4 Qd4 6. Nc3 Qxc4 7. Nf3 g6 8. 0-0 Bg7 9. Ba3 Qe6 10. Qb3 Qxb3 11. axb3 Nd5 12. Nxd5 cxd5 13. Rac1 Nc6 14. Ne1 Nd4 15. Kh1 Nxb3 16. Rc7 Kd8 17. Rxe7 Bf8 18. Re3 Nxd2 19. Rg1 Nc4 20. Bxf8 Nxe3 21. Bg7 Ng4 22. Bxd5 Rg8 23. Bd4 Kc7 24. Nf3 Bd7 25. Rc1+ Bc6 26. Bxf7 Rgf8 27. Be6 Nf6 28. Rd1 b6 29. Kg1 Rae8 30. Bc4 Kb7 31. Ne5 Rd8 32. Nxc6 Kxc6 33. e3 Ne4 34. f4 Nd6 35. Bb3 Nf5 36. Ba4+ Kb7 37. Kf2 Nxd4 38. exd4 Rd6 39. d5 Rfd8 40. Bc6+ Rxc6 41. dxc6+ Kc7 42. Ra1 a5 43. Ke3 Kxc6 44. Rc1+ Kb7 45. g4 Rc8 46. Rd1 Re8+ 47. Kf3 Kc6 48. f5 g5 49. Rc1+ Kd6 50. Rd1+ Ke7 51. Re1+ Kf7 52. Rxe8 Kxe8 53. Ke2 b5 54. Kd2 b4 55. Kc2 a4 56. Kb2 Ke7 57. h3 1/2-1/2

[Event "HUN-chT2 Maroczy 1112"]
[Site "Hungary"]
[Date "2011.09.25"]
[Round "1"]
[White "Kemendi, Daniel"]
[Black "Kiss, Balazs"]
[Result "0-1"]
[WhiteElo "1725"]
[BlackElo "2049"]
[PlyCount "68"]
[EventDate "2011.09.25"]
[EventType "team-tourn"]
[EventRounds "11"]
[EventCountry "HUN"]
[SourceTitle "EXT 2013"]
[Source "ChessBase"]
[SourceDate "2012.11.22"]
[SourceVersion "1"]
[SourceVersionDate "2012.11.22"]
[SourceQuality "1"]
[WhiteTeam "Miskolc EMSE"]
[BlackTeam "Oroshaza"]
[WhiteTeamCountry "HUN"]
[BlackTeamCountry "HUN"]

1. c4 e5 2. g3 Nc6 3. Bg2 Nf6 4. Nc3 Bc5 5. e3 0-0 6. Nge2 d6 7. 0-0 Bg4 8. h3 Bf5 9. a3 a5 10. d3 Qd7 11. Kh2 Bg6 12. Nd5 Nxd5 13. cxd5 Ne7 14. d4 Bb6 15. b3 e4 16. Nf4 f5 17. Nxg6 hxg6 18. f3 Nxd5 19. fxe4 fxe4 20. Bd2 Nf6 21. Qe2 d5 22. b4 c6 23. g4 Bc7+ 24. Kg1 Qd6 25. Bh1 Nh7 26. bxa5 Ng5 27. Qg2 Nf3+ 28. Rxf3 exf3 29. Qf2 Bxa5 30. Bxa5 Rxa5 31. Bxf3 Rxa3 32. Rb1 b5 33. Kg2 Qe7 34. Rc1 Rxe3 0-1

[Event "HUN-chT U18"]
[Site "Miskolc"]
[Date "2010.11.04"]
[Round "5.6"]
[White "Berta, Sandor Martin"]
[Black "Kemendi, Daniel"]
[Result "0-1"]
[WhiteElo "1825"]
[BlackElo "1724"]
[PlyCount "34"]
[EventDate "2010.11.02"]
[EventType "team-swiss"]
[EventRounds "8"]
[EventCountry "HUN"]
[SourceTitle "EXT 2016"]
[Source "ChessBase"]
[SourceDate "2015.10.08"]
[SourceVersion "1"]
[SourceVersionDate "2015.10.08"]
[SourceQuality "1"]

1. e4 c6 2. Nf3 d5 3. Nc3 Bg4 4. exd5 cxd5 5. Bb5+ Nc6 6. h3 Bh5 7. g4 Bg6 8. d4 e6 9. Ne5 Qc7 10. Bf4 Bd6 11. h4 f6 12. Nxc6 bxc6 13. Bxd6 Qxd6 14. h5 Bxh5 15. Bxc6+ Qxc6 16. Rxh5 Rb8 17. Rb1 Rxb2 0-1

[Event "HUN-chT U18"]
[Site "Miskolc"]
[Date "2010.11.04"]
[Round "4.7"]
[White "Kemendi, Daniel"]
[Black "Honsch, Kamilla"]
[Result "0-1"]
[WhiteElo "1724"]
[BlackElo "1738"]
[PlyCount "106"]
[EventDate "2010.11.02"]
[EventType "team-swiss"]
[EventRounds "8"]
[EventCountry "HUN"]
[SourceTitle "EXT 2016"]
[Source "ChessBase"]
[SourceDate "2015.10.08"]
[SourceVersion "1"]
[SourceVersionDate "2015.10.08"]
[SourceQuality "1"]

1. e4 d5 2. exd5 Qxd5 3. Nc3 Qa5 4. d4 Nf6 5. Nf3 c6 6. Bd3 Bg4 7. 0-0 e6 8. h3 Bh5 9. Re1 Bb4 10. Bd2 0-0 11. a3 Bxc3 12. Bxc3 Qc7 13. Be2 Nbd7 14. Nh4 Bxe2 15. Qxe2 Nd5 16. Bd2 N7f6 17. c3 Rac8 18. Rad1 Rfd8 19. Qf3 b5 20. b3 c5 21. c4 bxc4 22. bxc4 Nb6 23. Bf4 Qe7 24. Nf5 Qf8 25. dxc5 Qxc5 26. Nd6 Ra8 27. Nb7 Rxd1 28. Rxd1 Qxc4 29. Nd6 Qa4 30. Nc4 Nbd5 31. Rc1 Rc8 32. Nd6 Rxc1+ 33. Bxc1 Qc6 34. Bf4 h6 35. Ne4 Nxe4 36. Qxe4 Qc5 37. Qf3 Nxf4 38. Qxf4 Qxa3 39. Qb8+ Kh7 40. Qb1+ g6 41. Qb7 Kg7 42. Qc7 Qa1+ 43. Kh2 a5 44. h4 h5 45. Qf4 Qf6 46. Qg3 a4 47. Kg1 Qa1+ 48. Kh2 a3 49. Qf3 a2 50. g3 Qb2 51. Qg2 a1Q 52. Qf3 Qaa2 53. Kg1 Qd2 0-1